Práva na označení : obchodní jméno, ochranné známky, označení původu výrobku /

Hlavní autor: Lochmanová, Ludmila
Jazyk: Čeština
Vydáno: Praha : Orac, 1997
Vydání: Vyd. 1.
Edice: Edice komentovaných předpisů
Témata:
Fyzický popis: 213 s. ; 21 cm
Knihy
Uloženo v:
LEADER 01376nam a2200397 a 4500
001 000185331
003 CZ BrMZK
005 20210426080251.0
007 ta
008 960815s1997 xr e l cze d
015 |a cnb000211618 
020 |a 80-901938-3-8 
035 |a (OCoLC)38296752 
040 |a BOA001  |b cze 
043 |a e-xr--- 
072 7 |a 347.7  |x Obchodní právo. Finanční právo. Právo průmyslového vlastnictví. Patentové právo. Autorské právo  |2 Konspekt  |9 16 
080 |a 347.774  |2 MRF 
080 |a 347.772  |2 MRF 
080 |a (437.3)  |2 MRF 
080 |a (094.5)  |2 MRF 
080 |a (0.072)  |2 MRF 
100 1 |a Lochmanová, Ludmila  |7 ola2006329727  |4 aut 
245 1 0 |a Práva na označení :  |b obchodní jméno, ochranné známky, označení původu výrobku /  |c Ludmila Lochmanová 
250 |a Vyd. 1. 
260 |a Praha :  |b Orac,  |c 1997 
300 |a 213 s. ;  |c 21 cm 
490 1 |a Edice komentovaných předpisů 
500 |a Bibliogr. 
650 0 7 |a obchodní jméno  |7 ph123554  |z Česko  |2 czenas 
650 0 7 |a ochranné známky  |7 ph123671  |z Česko  |2 czenas 
655 7 |a zákony  |7 fd133886  |2 czenas 
655 7 |a komentáře  |7 fd132578  |2 czenas 
830 0 |a Edice komentovaných předpisů 
910 |a BOA001  |b 2-1033.393 
990 |a BK 
996 6 |b 2610053001  |c 2-1033.393  |l MZK  |r Sklad / do 1 hodiny  |n 35  |p p.v.  |w 000185331  |u 000010  |a 1  |e BOA001  |j MZK50  |s P